000
00268nam a2200133Ia 4500
100
_a
Stewarts
942
_c
BK
654
_a
Weights Of Steel Lubes
245
_a
Weights Of Steel Lubes
260
_b
none
082
_a
672.8
_b
Sll
546
_a
ENGLISH
999
_c
29750
_d
29750